Statistics for Name That SRK Film

Click here to take the quiz!

General Stats

  • This quiz has been taken 25 times
  • The average score is 11 of 15

Answer Stats

Hint Answer % Correct
Om KapoorOm Shanti Om
100%
DonDon
96%
Devdas MukherjeeDevdas
92%
Rahul KhannaKuch Kuch Hota Hai
88%
Kabir KhanChak De! India
79%
Surinder SahniRab Ne Bana Di Jodi
79%
Aman MathurKal Ho Naa Ho
79%
Rahul RaichandKabhi Khushi Kabhie Gham
75%
Mohan BhargavaSwades
75%
Rizwan KhanMy Name Is Khan
75%
Veer Pratap SinghVeer-Zaara
75%
Charlie SharmaHappy New Year
71%
Raj MalhotraDilwale Dulhania Le Jayenge
63%
Ram Prasad SharmaMain Hoon Na
50%
Amarkant VermaDil Se...
38%

Score Distribution

Percentile by Number Answered

Percent of People with Each Score

Your Score History

You have not taken this quiz